Исследование локализации пластической деформации алюминиевого сплава методом цифровых спекл-изображений; Перспективы развития фундаментальных наук
| Parent link: | Перспективы развития фундаментальных наук.— 2015.— [С. 159-161] |
|---|---|
| Autor principal: | |
| Autor Corporativo: | |
| Otros Autores: | , , |
| Sumario: | Заглавие с экрана The effect of hydrogen embrittlement on the localized plastic deformation of aluminum alloy D1 was investigated. The studies were performed for the test samples of aluminum alloy subjected to electrolytic hydrogenation. It is found that the mechanical properties and localized plastic deformation parameters of aluminum alloy are affected adversely by hydrogen embrittlement. The hydrogenated counterpart of alloy has a lower degree of ductility relative to the original alloy; however, the plastic flow behavior of material remain svirtually unaffected. The deformation diagrams were examined for the deformed samples of aluminum alloy. These are found to show all the plastic flow stages: the linear, parabolic and pre-failure stages would occur for the respective values of the exponent n from the Ludwik-Holomon equation. Using digital speckle image technique, the local strain patterns were being registered for the original alloy D1 and the counterpart subjected to electrolytic hydrogenation for 100 h. |
| Lenguaje: | ruso |
| Publicado: |
2015
|
| Colección: | Физика |
| Materias: | |
| Acceso en línea: | http://earchive.tpu.ru/handle/11683/19137 http://www.lib.tpu.ru/fulltext/c/2015/C21/043.pdf |
| Formato: | Electrónico Capítulo de libro |
| KOHA link: | https://koha.lib.tpu.ru/cgi-bin/koha/opac-detail.pl?biblionumber=612947 |
MARC
| LEADER | 00000naa2a2200000 4500 | ||
|---|---|---|---|
| 001 | 612947 | ||
| 005 | 20231101132731.0 | ||
| 035 | |a (RuTPU)RU\TPU\conf\11078 | ||
| 035 | |a RU\TPU\conf\11076 | ||
| 090 | |a 612947 | ||
| 100 | |a 20150702d2015 k y0rusy50 ca | ||
| 101 | 0 | |a rus |d eng | |
| 102 | |a RU | ||
| 105 | |a a z 101zy | ||
| 135 | |a drgn ---uucaa | ||
| 181 | 0 | |a i | |
| 182 | 0 | |a b | |
| 200 | 1 | |a Исследование локализации пластической деформации алюминиевого сплава методом цифровых спекл-изображений |d The study of localized plastic deformation of aluminum alloy using digital speckle image technique |f Ю. В. Ли, А. В. Бочкарёва, А. Г. Лунёв |g науч. рук. С. А. Баранникова | |
| 203 | |a Текст |c электронный | ||
| 215 | |a 1 файл(251 Кб) | ||
| 225 | 1 | |a Физика | |
| 230 | |a Электронные текстовые данные (1 файл: 251 Кб) | ||
| 300 | |a Заглавие с экрана | ||
| 320 | |a [Библиогр.: с. 161 (9 назв.)] | ||
| 330 | |a The effect of hydrogen embrittlement on the localized plastic deformation of aluminum alloy D1 was investigated. The studies were performed for the test samples of aluminum alloy subjected to electrolytic hydrogenation. It is found that the mechanical properties and localized plastic deformation parameters of aluminum alloy are affected adversely by hydrogen embrittlement. The hydrogenated counterpart of alloy has a lower degree of ductility relative to the original alloy; however, the plastic flow behavior of material remain svirtually unaffected. The deformation diagrams were examined for the deformed samples of aluminum alloy. These are found to show all the plastic flow stages: the linear, parabolic and pre-failure stages would occur for the respective values of the exponent n from the Ludwik-Holomon equation. Using digital speckle image technique, the local strain patterns were being registered for the original alloy D1 and the counterpart subjected to electrolytic hydrogenation for 100 h. | ||
| 337 | |a Adobe Reader | ||
| 463 | 1 | |0 (RuTPU)RU\TPU\conf\10376 |t Перспективы развития фундаментальных наук |l Prospects of fundamental sciences development |o сборник научных трудов XII Международной конференция студентов и молодых ученых, г. Томск, 21-24 апреля 2015 г. |f Национальный исследовательский Томский политехнический университет (ТПУ) ; Национальный исследовательский Томский государственный университет (ТГУ) ; Томский государственный архитектурно-строительный университет (ТГАСУ) ; Томский государственный университет систем управления и радиоэлектроники (ТУСУР) ; ред. кол. И. А. Курзина ; Г. А. Воронова ; С. А. Поробова |v [С. 159-161] |d 2015 | |
| 510 | 1 | |a The study of localized plastic deformation of aluminum alloy using digital speckle image technique |z eng | |
| 610 | 1 | |a электронный ресурс | |
| 610 | 1 | |a труды учёных ТПУ | |
| 610 | 1 | |a локализация | |
| 610 | 1 | |a пластическая деформация | |
| 610 | 1 | |a алюминиевые сплавы | |
| 610 | 1 | |a спекл-изображения | |
| 700 | 1 | |a Ли |b Ю. В. | |
| 701 | 1 | |a Бочкарёва |b А. В. |c специалист в области машиностроения |c доцент Томского политехнического университета, кандидат технических наук |f 1977- |g Анна Валентиновна |2 stltpush |3 (RuTPU)RU\TPU\pers\36155 | |
| 701 | 1 | |a Лунёв |b А. Г. |c физик |c доцент Томского политехнического университета, кандидат технических наук |f 1978- |g Алексей Геннадьевич |2 stltpush |3 (RuTPU)RU\TPU\pers\32708 | |
| 702 | 1 | |a Баранникова |b С. А. |4 727 | |
| 712 | 0 | 2 | |a Национальный исследовательский Томский политехнический университет (ТПУ) |b Институт физики высоких технологий (ИФВТ) |b Кафедра теоретической и прикладной механики (ТПМ) |h 71 |2 stltpush |3 (RuTPU)RU\TPU\col\18695 |
| 801 | 1 | |a RU |b 63413507 |c 20101016 | |
| 801 | 2 | |a RU |b 63413507 |c 20210128 |g RCR | |
| 856 | 4 | |u http://earchive.tpu.ru/handle/11683/19137 | |
| 856 | 4 | |u http://www.lib.tpu.ru/fulltext/c/2015/C21/043.pdf | |
| 942 | |c BK | ||